000 00339nam a22001457a 4500
008 210531b ||||| |||| 00| 0 eng d
020 _a9781558608870
041 _aeng
080 _22nd
_a72
082 _a72
100 _a41
101 _aARK
245 _aNetwork Analysis, Architecture and Design
_cJames D. Mccabe
942 _2udc
_cBK
999 _c57852
_d57852